000 00457 a2200157 4500
020 _a8129705397
040 _aDLC
_bDLC
082 _a621.3824
100 _aRaju, G.S.N.
245 _aAntennas and wave propagation
_cRaju G. S. N
260 _aNew Delhi :
_bPearson Education,
_c2005.
300 _axxii, 487 p. :
_bill. ;
_c24 cm.
500 _aIncludes Index
650 _a1.Antennas (Electronics).2.Radio wave propagation.
942 _cBK
_k621.3824 RAJ
_2ddc
999 _c8835
_d8835